Constitutiones Capituli et Cleri Sacrosanctae Basilicae S. Mariae Majoris. (Record n. 32234)
[ formato base ]
| 000 -LEADER | |
|---|---|
| fixed length control field | 00594nam a2200181 i 4500 |
| 003 - CONTROL NUMBER IDENTIFIER | |
| control field | IT-RoINE |
| 005 - DATE AND TIME OF LATEST TRANSACTION | |
| control field | 20250416111153.0 |
| 008 - FIXED-LENGTH DATA ELEMENTS--GENERAL INFORMATION | |
| fixed length control field | 031003s1854 it r 000 | lat d |
| 040 ## - CATALOGING SOURCE | |
| Original cataloging agency | PUG |
| Transcribing agency | IT-RoINE |
| Modifying agency | IT-RoINE |
| 110 2# - MAIN ENTRY--CORPORATE NAME | |
| Corporate name or jurisdiction name as entry element | Basilica di Santa Maria Maggiore (Roma, Italia). |
| Subordinate unit | Capitolo |
| 9 (RLIN) | 59189 |
| 245 00 - TITLE STATEMENT | |
| Title | Constitutiones Capituli et Cleri Sacrosanctae Basilicae S. Mariae Majoris. |
| 260 ## - PUBLICATION, DISTRIBUTION, ETC. (IMPRINT) | |
| Place of publication, distribution, etc | Romae : |
| Name of publisher, distributor, etc | ex typographia Pulchrarum Artium, |
| Date of publication, distribution, etc | 1854. |
| 300 ## - PHYSICAL DESCRIPTION | |
| Extent | 77 p. ; |
| Dimensions | 23 cm. |
| 336 ## - CONTENT TYPE | |
| Source | rdacontent |
| Content type term | text |
| 337 ## - MEDIA TYPE | |
| Source | rdamedia |
| Media type term | unmediated |
| 338 ## - CARRIER TYPE | |
| Source | rdacarrier |
| Carrier type term | volume |
| 942 ## - ADDED ENTRY ELEMENTS (KOHA) | |
| Item type | Monografías |
| Withdrawn status | Lost status | Damaged status | Not for loan | Home library | Current library | Date acquired | Total Checkouts | Full call number | Barcode | Date last seen | Price effective from | Koha item type | Public note |
|---|---|---|---|---|---|---|---|---|---|---|---|---|---|
| Iglesia Nacional Española en Roma | Iglesia Nacional Española en Roma | 08/10/2019 | FUE.HIS.ECL 85 (int. 1) | 59008 | 08/10/2019 | 08/10/2019 | Monografías | Encuadernado con otras publicaciones del mismo autor |